Illustrated gospel object lessons. (Record no. 9962)

000 -LEADER
fixed length control field 00557nam a2200181 a 4500
001 - CONTROL NUMBER
control field :::00007747$&:&@@
003 - CONTROL NUMBER IDENTIFIER
control field OkBaRHE
005 - DATE AND TIME OF LATEST TRANSACTION
control field 20000607103339.0
008 - FIXED-LENGTH DATA ELEMENTS--GENERAL INFORMATION
fixed length control field s1945 j 000 0 eng u
040 ## - CATALOGING SOURCE
Transcribing agency
100 1# - MAIN ENTRY--PERSONAL NAME
Personal name McLean, W. T.
245 10 - TITLE STATEMENT
Title Illustrated gospel object lessons.
260 ## - PUBLICATION, DISTRIBUTION, ETC. (IMPRINT)
Place of publication, distribution, etc Grand Rapids, MI., :
Name of publisher, distributor, etc Zondervan Publishing House
Date of publication, distribution, etc c1945
300 ## - PHYSICAL DESCRIPTION
Extent 48 p. : illus. ;
Dimensions 20 cm.
650 ## - SUBJECT ADDED ENTRY--TOPICAL TERM
Topical term or geographic name as entry element Object-teaching
942 ## - ADDED ENTRY ELEMENTS (KOHA)
Source of classification or shelving scheme
Koha item type Books
Copies
Not for loan Copy number Koha item type Price effective from Date last seen Permanent Location Withdrawn status Source of classification or shelving scheme Shelving location Barcode Full call number Date acquired Lost status Damaged status
 1Books2010-04-142010-04-14RHEMA Bible Training College  General Stacks7747BV 1535 .M352010-04-14